Statistiques concernant Géographie par lettre - R

Cliquez ici pour prendre le quiz!

Statistiques générales

  • Ce quiz a été pris 28 401 fois
  • Le résultat moyen est 13 sur 20

Statistiques - réponses

allusionréponse% Correct
Le plus grand pays du monde
par superficie
Russie
100%
Ville portuaire majeure aux Pays-BasRotterdam
89%
Mois islamique du jeûneRamadan
88%
Genre musical de la Jamaïquereggae
88%
Monnaie de ce paysrouble
85%
Capitale de la BretagneRennes
83%
Capitale de la LettonieRiga
80%
Transylvanie est une région de ce paysRoumanie
79%
Fleuve qui coule à Bâle et DüsseldorfRhin
76%
La ville éternelleRome
69%
Montagne avec quatre présidents
sculptés dans son visage
Rushmore
66%
Compagnie aérienne irlandaise à bas prixRyanair
66%
Capitale de l'Arabie SaouditeRiyad
64%
Monnaie de l'Inderoupie
63%
Plus petit état des États-UnisRhode Island
58%
Ville de la plage d'IpanemaRio de Janeiro
53%
La religion jamaïcaine connue pour
l'usage de marijuana
rastafarisme
46%
Rivière traversée par Jules CésarRubicon
34%
Grande zone de stockage d'eauréservoir
32%
Les îles du sud du Japon, y
compris Okinawa
Ryukyu
7%

Distribution des résultats

Percentile par nombre de réponses

% des personnes avec chaque résultat

Votre développement - résultats

Vous n’avez pas pris ce quiz